Statistics for Word Ladder - From Tiny To Huge

Click here to take the quiz!

General Stats

  • This quiz has been taken 119 times
  • The average score is 8 of 9

Answer Stats

HintAnswer% Correct
Your employerBoss
97%
Tim CratchitTiny
97%
Throw casuallyToss
97%
Cans for foodTins
95%
Lots ofTons
95%
Grabs tightly in ones armsHugs
92%
Problems on a computerBugs
90%
A sports teamHuge
89%
Another word for a kissBuss
84%

Score Distribution

Percentile by Number Answered

Percent of People with Each Score

Your Score History

You have not taken this quiz